00897cam a2200229 a 450000100100000000500170001000800410002703500190006804000250008708200180011210000210013024500960015126000610024730000280030849000570033650400320039360000620042565000470048765100530053470000190058783000610060600000802620200929154411.0951213s1995 ck a 000 0 spa  a(DLC) 95233955 aDO-SdBNPcDLCbBNPHU a883.01bW495m1 aWernher, Gretel.10aMicenas y Homero :ba propósito de Ilíada XV 187-193 /cGretel Wernher, Jorge Páramo. aSantafé de Bogotá :bInstituto Caro y Cuervo,c1995. a216 p. :bil. ;c21 cm.1 aPublicaciones del Instituto Caro y Cuervov36aMinor aBibliografías: p. 211-21614aHOMERO, FL. SIGLO VIII A.C.xCRÍTICA E INTERPRETACIÓN 4aPoesia epica griegaxMycenaean influences. 4aMicenas (Ciudad Extinta{Rpara}xEn La Literatura1 aParamo, Jorge. 0aPublicaciones del Instituto Caro y Cuervo ;v36,pMinor.